| 000 | 00511nam a2200169 a 4500 | ||
|---|---|---|---|
| 001 | 2193 | ||
| 003 | CDMR | ||
| 005 | 20131029094543.0 | ||
| 008 | 130130s1987||||||||||||||||||||||||||||d | ||
| 020 | _a8439308248 | ||
| 040 |
_aCDMR _bcat _cCDMR |
||
| 100 | 1 |
_aMoncasi i Salvia, Nativitat _91632 |
|
| 245 | 1 | 3 |
_aLa premsa a la ciutat de Balaguer (1862-l936) _cNativitat Moncasi i Salvia |
| 260 |
_aBarcelona _c1987 _bDepartament de Cultura de la Generalitat de Catalunya |
||
| 300 |
_a235 p ; _c18 cm |
||
| 942 |
_cMON _2udc |
||
| 999 |
_c2193 _d2193 |
||